| 000 | 00530nam a2200181Ia 4500 | ||
|---|---|---|---|
| 999 |
_c21521 _d21521 |
||
| 003 | OSt | ||
| 005 | 20200618124013.0 | ||
| 008 | 190216s9999||||xx |||||||||||||| ||und|| | ||
| 020 | _a9780198078807 | ||
| 040 | _coclc | ||
| 082 |
_a954 _bTRA/I |
||
| 100 |
_aTrautmann, Thomas R _93050 |
||
| 245 | 0 |
_aIndia Brief History Of A Civilization / _cThomas R Trautmann |
|
| 260 |
_bOxford University Press, _c2010. _aNew Delhi: |
||
| 300 | _a244p | ||
| 650 | _aHistory | ||
| 942 |
_cBK _2ddc _h954 _iTRA/I _k954 _mTRA/I |
||